Пиноккиогийн адал явдал (Бичлэгийн дугаар. 1007880)
[ энгийн харах ]
| 000 -Удирдлага | |
|---|---|
| Ном зүйн бүртгэл тоо буюу кодлох утгыг агуулсан | 00739nam a22002177a 4500 |
| 008 - ЕРӨНХИЙ МЭДЭЭЛЭЛ-ЭЛЕМЕНТҮҮДИЙН ӨГӨГДЛИЙН УРТ | |
| fixed length control field | 240620b mp ||||| |||| 00| 0 mon d |
| 035 ## - СИСТЕМИЙН ХЯНАЛТЫН ДУГААР | |
| Системийн хяналтын дугаар | 3831 |
| 040 ## - ЭХ СУРВАЛЖИЙГ ТОДОРХОЙЛОН БИЧИХ | |
| Анхны каталогийн байгууллага | UM0146080 |
| Каталогийн хэл | Монгол |
| Бичлэг хийж нэвтрүүлэх байгууллага | MN-UlNLM |
| Өөрчлүүлэх байгууллага | MN-UlNLM |
| Бичиглэлийн тодорхойлолт | rda |
| 041 ## - ХЭЛНИЙ КОД | |
| Текстийн хэлний код/фонограм буюу салангид гарчиг | Монгол |
| 042 ## - AUTHENTICATION CODE | |
| Authentication code | 7601 |
| 084 ## - БУСАД АНГИЛЛЫН ДУГААР | |
| Ангиллын нэр | Номын сан номзүйн ангилал |
| Анги | 82.3/3/ |
| Зохиогчийн 3-н тэмдэгт | К606 |
| 100 ## - ЗОХИОГЧИЙН ХЭСЭГ | |
| Зохиогчийн нэр | Коллоди К. |
| 245 #0 - ҮНДСЭН ГАРЧИГ | |
| Гарчиг | Пиноккиогийн адал явдал |
| 264 ## - ГАРАЛТЫН МЭДЭЭ | |
| Хэвлэгдсэн газар | Улаанбаатар |
| Бүтээгч, хэвлэгч, түгээгч, үйлдвэрлэгчийн нэр | Сүхбаатарын нэрэмжит хэвлэлийн комбинат |
| Хэвлэгдсэн он | 1965 |
| 300 ## - ТООНЫ МЭДЭЭ | |
| Хуудасны тоо | 171х. |
| 336 ## - АГУУЛГЫН ТӨРӨЛ | |
| Нөөц | rdacontent |
| Агуулгын төрлийн нөхцөл | text |
| Агуулгын төрлийн код | txt |
| 337 ## - MEDIA TYPE | |
| Эх сурвалж | rdamedia |
| Файлын төрөл | unmediated |
| Файлын код | n |
| 338 ## - CARRIER TYPE | |
| Source | rdacarrier |
| Carrier type term | volume |
| Carrier type code | nc |
| 650 ## - Сэдэв | |
| Сэдэв | модон хүүхэлдэй, буратино, хар зурагтай |
| 942 ## - ЭЛЕМЕНТИЙН ТӨРӨЛ | |
| Анги | Номын сан номзүйн ангилал |
| Төрөл | Ном |
| Буцаан татагдсан төлөв | Хасагдсан шалтгаан | Гэмтсэн төлөв | Данс заагч | Захиалах боломжгүй | Үндсэн номын сан | Одоогийн байршил | Салбар танхим | Салбар танхим | Бүртгэсэн огноо | Тавиурын заалт | Баркод | Үнэ | Хамгийн сүүлд байсан огноо | Нийт уншлаганд гарсан тоо | Дансны дугаар | Төрөл |
|---|---|---|---|---|---|---|---|---|---|---|---|---|---|---|---|---|
| Өмнөговь аймаг | Өмнөговь аймаг | Өмнөговь | Хүүхдийн уншлагын танхим | Өмнөговь | Хүүхдийн уншлагын танхим | 2024-06-29 | 82.3/3/ К606 | UM0143831-2-1 | 310.00 | 2024-06-29 | 20535 | Ном | ||||||
| Өмнөговь аймаг | Өмнөговь аймаг | Өмнөговь | Хүүхдийн уншлагын танхим | Өмнөговь | Хүүхдийн уншлагын танхим | 2024-06-29 | 82.3/3/ К606 | UM0143831-2-2 | 310.00 | 2024-06-29 | 20539 | Ном | ||||||
| Өмнөговь аймаг | Өмнөговь аймаг | Өмнөговь | Хүүхдийн уншлагын танхим | Өмнөговь | Хүүхдийн уншлагын танхим | 2024-06-29 | 82.3/3/ К606 | UM0143831-2-3 | 310.00 | 2024-06-29 | 20543 | Ном |